000
00213nam a2200085Ia 4500
008
250606s9999 xx 000 0 und d
245
0
_a
Annual Report 2001-2002
260
_a
Kochi
_b
CMFRI,Tatapuram P O
942
_c
REP
999
_c
294314
_d
294314